Využitie projektového manažmentu v implementácii podnikových stratégií diplomová práca

Saved in:
Bibliographic Details
Main Author: Lakomá, Katarína
Corporate Author: Fakulta podnikového manažmentu EU. Katedra manažmentu
Other Authors: Slávik, Štefan, 1955-
Format: Book
Language:Slovak
Published: Bratislava 2017
Tags: Add Tag
No Tags, Be the first to tag this record!

MARC

LEADER 00000nbm a2200000 4500
001 0232520
005 20171219102019.0
041 0 |a slo 
044 |a SK 
245 1 0 |a Využitie projektového manažmentu v implementácii podnikových stratégií  |b diplomová práca  |c Katarína Lakomá ; školiteľ: Štefan Slávik 
264 1 |a Bratislava  |c 2017 
300 |a 75 s. 
100 1 |a Lakomá, Katarína 
700 1 |a Slávik, Štefan, 1955- 
710 2 |a Fakulta podnikového manažmentu EU. Katedra manažmentu